Lieux emblématiques Tunisie - Statistiques

Statistiques générales
  • Ce quiz a été pris 167 fois
  • Le résultat moyen est 6 sur 16
Statistiques - réponses
Par images Réponse % Correct
Mosquée Okba Ibn Nafaa Kairouan
82%
Sidi Bou Saïd
76%
El Jem
64%
Chebika Tozeur
63%
Bizerte
50%
Dougga
37%
Aïn Draham
36%
Ribat Monastir
36%
Musée du Bardo
35%
Medina de Tunis
31%
Musée Guellala Djerba
28%
Douz
22%
Fort Génois Tabarka
14%
Kasbah
13%
Utique
7%
Lac Ichkeul
3%
Aucun quiz correspondant
Distribution des résultats
% des personnes avec chaque résultat
Percentile par nombre de réponses
Votre historique - résultats
Vous n’avez pas pris ce quiz